Normal view MARC view
  • Zappa Riccardo

Entry Personal Name

Number of records used in: 1

001 - CONTROL NUMBER

  • control field: 17034

003 - CONTROL NUMBER IDENTIFIER

  • control field: IT-RoPau

005 - DATE AND TIME OF LATEST TRANSACTION

  • control field: 20140322213229.0

008 - FIXED-LENGTH DATA ELEMENTS

  • fixed length control field: 140322|| aca||aabn | a|a d

040 ## - CATALOGING SOURCE

  • Original cataloging agency: IT-RoPau
  • Transcribing agency: IT-RoPau

100 ## - HEADING--PERSONAL NAME

  • Personal name: Zappa Riccardo
  • Miscellaneous information: Codice interprete SPICS: 10040
  • Relator term: Interprete

670 ## - SOURCE DATA FOUND

  • Source citation: Work cat.: (IT-RoPau)101099: Zappa Riccardo 17031, Riccardo Zappa
CREDITS: SOCIETA' SAN PAOLO Via A.Severo, 58 - ROMA (RM) & PERIODICI SAN PAOLO SRL Via Giotto, 36 MILANO & CISF Via Giotto, 36 MILANO & EDIZIONI SAN PAOLO SRL,  Piazza Soncino, 5 CINISELLO BALSAMO (MI) -- ITALY